000
00330 a2200157 4500
001
70620
020
_a
8574881589
040
_c
Anchieta - Itaigara
240
1
0
_a
Os três porquinhos
_l
por
245
1
0
_a
Os três porquinhos
300
_a
16
362
0
_a
0
440
1
_a
Girassol
650
4
_a
Literatura infantil
942
_c
BK
999
_c
70620
_d
70620